| 000 | 01141cam a2200325 a 4500 | ||
|---|---|---|---|
| 999 |
_c478836 _d478836 |
||
| 001 | 4017013 | ||
| 003 | NUST | ||
| 005 | 20180727060247.0 | ||
| 008 | 970624s1998 mau 000 1 eng | ||
| 010 | _a 97028240 | ||
| 020 |
_a9780752816760 _cRs. 476 |
||
| 038 | _aArshad | ||
| 040 |
_aDLC _cDLC _dDLC _dOCoLC _dDLC |
||
| 043 | _an-us-ca | ||
| 050 | 0 | 0 |
_aPS3553.O51165 _bB57 1998 |
| 082 | 0 | 0 |
_a813.54 _bCON |
| 100 | 1 |
_aConnelly, Michael, _d1956- _912066 |
|
| 245 | 1 | 0 |
_aBlood work / _cMichael Connelly. |
| 250 | _a1st ed. | ||
| 260 |
_aBoston : _bLittle, Brown, _c1998. |
||
| 300 |
_a393 p. ; _c25 cm. |
||
| 650 | 0 |
_aPrivate investigators _zCalifornia _zLos Angeles _xFiction. _912067 |
|
| 650 | 0 |
_aSerial murders _xFiction. _912068 |
|
| 651 | 0 |
_aLos Angeles (Calif.) _xFiction. _98349 |
|
| 655 | 7 |
_aDetective and mystery stories. _2gsafd _92977 |
|
| 856 | 4 | 2 |
_3Publisher description _uhttp://www.loc.gov/catdir/enhancements/fy0914/97028240-d.html |
| 906 |
_a7 _bcbc _corignew _d1 _eocip _f19 _gy-gencatlg |
||
| 942 |
_2ddc _cBK |
||